000 01206nam a2200313 i 4500
003 EG-GICUC
005 20260406092557.0
008 260406s1918 -uk||||fr|||| 001 0 eng d
040 _aEG-GiCUC
_beng
_cEG-GiCUC
_dEG-GiCUC
_erda
041 0 _aeng
082 0 4 _221
_a341.511
_bEV . P
092 0 4 _221
099 _aLaw1 11 341.511 EV . P 1918
100 1 _aEvans, Samuel
_eAuthor.
245 0 4 _aPrize Cases :
_bHeard And Decided In The Prize Court During The Great War.
_nVol. II,
_p1916-17 /
_cBy The Right Hon. Sir Samuel Evans, Ll.d; Cunder The General Editorship Of A. Wallace Grant.
246 _aIn The Courts Of The Overseas Dominions And On Appeal To The Judicial Committee Of The Privy Council
264 1 _aLondon :
_bStevens & Sons,
_c1918.
300 _a592 pages,
_c24 cm.
336 _2rda content
_atext
337 _2rda media
_aComputer
338 _2rda carrier
_aOnline Resource
504 _aIncludes bibliographical references and index.
546 _aText in English
650 1 4 _aPublic international law
700 1 _aGrant , A. Wallace
_eContributor
856 4 0 _uhttps://fll.law.cu.edu.eg/fulltext/bks/B11-09055.pdf
905 _a48
942 _2ddc
_cBK
_e21
_n0
999 _c69239
_d69239